| 000 | 04393ncm a2200949 c 4500 | ||
|---|---|---|---|
| 003 | BLK | ||
| 005 | 20250216004127.0 | ||
| 008 | 180414b bul |a|er|||| |0| c|bulo| | ||
| 010 | _aNOT00003105000 | ||
| 040 | _aBLK | ||
| 041 |
_aBUL _cBUL |
||
| 080 |
_aМузика за акордеон _b786.8 _x _z786.8 |
||
| 700 | 1 |
_aПанайотов, Любен _eсъстав. на том _9389006 |
|
| 700 | 1 |
_aТомалевска, Райна _eсъстав. на том _9362910 |
|
| 700 | 1 |
_aАврамов, Борис _eсъстав. на том _9388702 |
|
| 139 |
_aЛеки пиеси _bЛ 41 |
||
| 245 | 1 | 0 |
_aЛеки пиеси _bЗа акордеон : Ч. 1 - _cсъстав. на том Любен Панайотов; състав. на том Райна Томалевска; състав. на том Борис Аврамов. _nЧ. 1 |
| 250 | _a5 изд. | ||
| 257 | _aBGR | ||
| 260 |
_аСофия _bНаука и изкуство _c1971 - |
||
| 300 | _c22 см | ||
| 380 | _a7 | ||
| 505 |
_rЕ. Нутиле. _tЛюбовта на овчарчето |
||
| 505 | _tВенецианска песен | ||
| 505 | _tЧешка нар. песен | ||
| 505 | _tИталианска песен | ||
| 505 |
_rВинченцо Белини. _tПрозорецът свети |
||
| 505 | _tУкраинска нар. песен | ||
| 505 |
_gАнгл. нар. песен _tПоли Оливер |
||
| 505 | _tЕстонски нар. танц | ||
| 505 | _tВеселият мелничар | ||
| 505 |
_gАмериканска нар. песен _tДиксиленд |
||
| 505 |
_gАмериканска нар. песен _tМоето ранчо |
||
| 505 |
_gПолски танц _tМазурка |
||
| 505 |
_gЧешка нар. песен _tЛетяла гъска |
||
| 505 | _tЕдин валс за теб | ||
| 505 |
_gЧешка нар. песен _tАнушка |
||
| 505 |
_gРуска нар. песен _tАх, ти брезичке |
||
| 505 |
_gПолски танц _tМазурка |
||
| 505 | _tУкраинска нар. песен | ||
| 505 | _tРуска нар. песен | ||
| 505 | _tРуски танц | ||
| 505 | _tРуска нар. песен | ||
| 505 |
_rАзарий Иванов. _tПолка |
||
| 505 | _tВ гората и планината | ||
| 505 |
_rФр. Кюкен. _tАх, как е възможно |
||
| 505 |
_rФранц Абт. _tПесен |
||
| 505 | _tПолка | ||
| 505 | _tНемски танц | ||
| 505 | _tТиролска полка | ||
| 505 | _tТиролска песен | ||
| 505 | _tТиролски валс | ||
| 505 | _tАвстрийска полка | ||
| 505 | _tПолка | ||
| 505 |
_gСтаринен танц _tКонтраданс екосез |
||
| 505 |
_rСамуил Майкапар. _tВалс |
||
| 505 |
_rЙозеф Вагнер. _tТиролски дръвчета |
||
| 505 |
_rФранц Лехар. _tИз Веселата вдовица |
||
| 505 | _tСеренада | ||
| 505 |
_rЖан Батист Векерлен. _tДетска песен |
||
| 505 | _tТанц из оп. Айка | ||
| 505 | _tПрелюд | ||
| 505 | _tТанец | ||
| 505 |
_gИз детската оперета Истинският вълшебник _rПарашкев Тодоров Хаджиев. _tМазурка |
||
| 505 | _tПесен на овчарчето | ||
| 505 | _tСпи, кукло, спи | ||
| 505 |
_rАлександър Райчев. _tПесничка |
||
| 505 |
_gИз Втора балканска сюита _rДобри Лазаров Христов. _tРъченица |
||
| 505 |
_gИз оп. Цвета _rГеорги Атанасов - Маестро. _tМакедонско хоро |
||
| 505 |
_gИз детската оперета Щурец и мравка _rПанайот Пипков. _tКато всеки светски кавалер |
||
| 505 |
_rАлександър Кръстев. _tЩо ми не дохождаш |
||
| 650 | 0 |
_aАкордеон - пиеси _9362653 |
|
| 653 | _aакордеон | ||
| 653 | _aпиеси | ||
| 760 | 1 |
_b5 изд. _c64 с. _dСофия, 1971 _h64 с. _tЧ. 1 |
|
| 852 |
_aЦб М 1071 _p49 |
||
| 856 | 4 |
_qpdf _u |
|
| 856 | 4 |
_qpdf _u |
|
| 942 |
_cNOT _n0 |
||
| 944 |
_aCR _c09.03.2010 _k _lCRON CRON |
||
| 944 |
_aED _c22.04.2010 _k |
||
| 999 |
_c315814 _d315814 |
||